000 00958nam a2200289 i 4500
003 DO-SdBNP
005 20250512104109.0
007 ta
008 250512b2001 dr ||||| |||| 00| 0 spa d
040 _aDO-SdBNP
_bspa
_cBNPHU
_erda
041 _aspa
082 1 _aRD861.44
_bB171p, 2001
_222
100 1 _a Balaguer, Joaquín,
_d1906-2002
_eautor
_4aut.
_976556
245 1 0 _aPoemario :
_bselección /
_cJoaquín Balaguer ; prólogo, Mariano Lebrón Saviñón.
250 _aPrimera edición
264 4 _aSanto Domingo :
_bEditora de Colores, S.A.,
_c©2001.
300 _a251 p.áginas ;
_c22 cm.
336 _atexto
_btxt
_2rdacontent
337 _asin mediación
_bn
_2rdamedia
338 _avolumen
_bnc
_2rdacarrier
590 _aInventariado, 2025/BT
650 4 _aPoesía dominicana
_966
650 4 _aLiteratura dominicana.
_967
700 1 _aLebrón Saviñon, Mariano,
_d1922-2014
_eprologuista
_4pr.
_97227
910 _aBtavárez
942 _2ddc
_cLBS1
999 _c59000
_d59000